[Event "Zahara de la Sierra 3rd"]
[Site "Zahara de la Sierra"]
[Date "2024.03.31"]
[Round "9"]
[White "De Seroux, Camille"]
[Black "Del Rey, Diego"]
[Result "1/2-1/2"]
[WhiteElo "2084"]
[BlackElo "2286"]
[PlyCount "24"]
[EventDate "2024.03.27"]
[EventType "tourn"]
[EventRounds "9"]
[EventCountry "ESP"]
[SourceTitle "CB14_2024"]
[SourceDate "2024.04.01"]
[SourceVersion "1"]
[SourceVersionDate "2024.04.01"]
[SourceQuality "1"]

1. e4 c6 2. Nc3 d5 3. Nf3 Bg4 4. h3 Bxf3 5. Qxf3 e6 6. a3 Nf6 7. d3 Nbd7 8. Qe2 dxe4 9. dxe4 e5 10. Qf3 Bc5 11. Bc4 Qe7 12. 0-0 Nf8 1/2-1/2

[Event "EU-ch Rapid (Women)"]
[Site "Monaco"]
[Date "2024.01.14"]
[Round "11"]
[White "De Seroux, Camille"]
[Black "Cramling, Pia"]
[Result "0-1"]
[WhiteElo "2075"]
[BlackElo "2437"]
[PlyCount "91"]
[EventDate "2024.01.13"]
[EventType "swiss (rapid)"]
[EventRounds "11"]
[EventCountry "MNC"]
[SourceTitle "CB03_2024"]
[SourceDate "2024.01.17"]
[SourceVersion "1"]
[SourceVersionDate "2024.01.17"]
[SourceQuality "1"]

1. Nc3 d5 2. Nf3 Nf6 3. d3 g6 4. g3 Bg7 5. Bg2 b6 6. e4 dxe4 7. Ng5 Bb7 8. Ngxe4 Nxe4 9. Nxe4 Qc8 10. 0-0 0-0 11. Re1 c5 12. Bg5 Nc6 13. c3 Qd7 14. Qe2 Rfe8 15. Rad1 f5 16. Nd2 h6 17. Be3 e5 18. a4 f4 19. Nc4 fxe3 20. fxe3 Rad8 21. e4 Rf8 22. Ne3 Ne7 23. h4 h5 24. Kh2 Bc8 25. Nc4 Qxa4 26. Qe3 Bg4 27. Ra1 Qd7 28. Qg5 Bf6 29. Qh6 Rf7 30. Rf1 Bg7 31. Qg5 Rxf1 32. Rxf1 Qe6 33. Ne3 Rf8 34. Ra1 a5 35. b4 cxb4 36. cxb4 Kh7 37. Nd5 Nxd5 38. exd5 Qd6 39. Qe3 Qxb4 40. Rc1 Qd4 41. Qg5 Rf2 42. Rc7 Qxd5 43. Rxg7+ Kxg7 44. Qe7+ Qf7 45. Qxe5+ Kh7 46. Qe4 0-1

[Event "EU-ch Rapid (Women)"]
[Site "Monaco"]
[Date "2024.01.14"]
[Round "8"]
[White "De Seroux, Camille"]
[Black "Zimina, Olga"]
[Result "0-1"]
[WhiteElo "2075"]
[BlackElo "2291"]
[PlyCount "88"]
[EventDate "2024.01.13"]
[EventType "swiss (rapid)"]
[EventRounds "11"]
[EventCountry "MNC"]
[SourceTitle "CB03_2024"]
[SourceDate "2024.01.17"]
[SourceVersion "1"]
[SourceVersionDate "2024.01.17"]
[SourceQuality "1"]

1. Nc3 e5 2. Nf3 Nc6 3. e4 Nf6 4. Bb5 Bd6 5. 0-0 0-0 6. d3 h6 7. Ne2 Re8 8. Ng3 Bf8 9. h3 g6 10. b3 Nd4 11. Bc4 c6 12. c3 Nxf3+ 13. Qxf3 b5 14. Bxf7+ Kxf7 15. d4 d6 16. Rd1 Qc7 17. c4 Bg7 18. cxb5 cxb5 19. Ba3 Kg8 20. Rac1 Qf7 21. Bxd6 exd4 22. Rc7 Nd7 23. Qd3 Qe6 24. e5 Nxe5 25. Qxb5 Bd7 26. Qc5 d3 27. Ne4 Nf7 28. f3 Nxd6 29. Nxd6 Re7 30. Ne4 Be5 31. Rxa7 Rxa7 32. Qxa7 Bc6 33. Qe3 Bb5 34. Qxh6 Qf5 35. Re1 Bf4 36. Qh4 g5 37. Qh6 Re6 38. Qh5 d2 39. Rd1 Be3+ 40. Kh1 Be2 41. Ng3 Qc2 42. Nxe2 Qxd1+ 43. Kh2 Qxe2 44. Qg4 Bf4+ 0-1

[Event "EU-ch Rapid (Women)"]
[Site "Monaco"]
[Date "2024.01.14"]
[Round "10"]
[White "Galvan Cipriani, Viviana"]
[Black "De Seroux, Camille"]
[Result "0-1"]
[WhiteElo "2104"]
[BlackElo "2075"]
[PlyCount "136"]
[EventDate "2024.01.13"]
[EventType "swiss (rapid)"]
[EventRounds "11"]
[EventCountry "MNC"]
[SourceTitle "CB03_2024"]
[SourceDate "2024.01.17"]
[SourceVersion "1"]
[SourceVersionDate "2024.01.17"]
[SourceQuality "1"]

1. c4 Nf6 2. Nc3 Nc6 3. g3 g6 4. Bg2 Bg7 5. e4 d6 6. Nge2 0-0 7. d3 e5 8. 0-0 Nd7 9. Be3 Nc5 10. d4 exd4 11. Nxd4 Ne5 12. Qe2 Ng4 13. Rad1 Nxe3 14. Qxe3 Re8 15. b4 Ne6 16. Nb3 c6 17. Qd3 Qb6 18. a3 Bd7 19. Kh1 Rad8 20. f4 Bc8 21. f5 Nf8 22. Qc2 Be5 23. c5 dxc5 24. Na4 Qc7 25. Naxc5 Nd7 26. Nd3 Bh8 27. fxg6 hxg6 28. Rde1 Nf6 29. Nf4 Qe5 30. Nc5 Ng4 31. h3 Nf6 32. Ncd3 Qg5 33. Kh2 Qh6 34. Nf2 Rd4 35. Kg1 Red8 36. Rd1 Nh5 37. Nxh5 Qxh5 38. Kh2 Be5 39. Rxd4 Rxd4 40. Nd3 Bg7 41. Nf4 Qg5 42. h4 Qe5 43. Qa2 Qd6 44. Rf2 Be5 45. Qc2 Rd1 46. Qb3 Bg4 47. Qc2 Qd4 48. Bh3 Bxh3 49. Kxh3 Ra1 50. a4 Ra3 51. Kh2 Qe3 52. Rg2 Bxf4 53. gxf4 Qxf4+ 54. Kh1 Ra1+ 55. Rg1 Qxh4+ 56. Qh2 Qxe4+ 57. Qg2 Qxg2+ 58. Kxg2 Rxa4 59. Rb1 a6 60. Kf3 Kg7 61. Ke3 Kf6 62. Kd3 g5 63. Rf1+ Kg6 64. Kc3 Ra3+ 65. Kc4 f5 66. Rd1 a5 67. bxa5 Rxa5 68. Rb1 Rb5 0-1

[Event "EU-ch Rapid (Women)"]
[Site "Monaco"]
[Date "2024.01.13"]
[Round "4"]
[White "De Seroux, Camille"]
[Black "Hejazipour, Mitra"]
[Result "1-0"]
[WhiteElo "2075"]
[BlackElo "2356"]
[PlyCount "121"]
[EventDate "2024.01.13"]
[EventType "swiss (rapid)"]
[EventRounds "11"]
[EventCountry "MNC"]
[SourceTitle "CB03_2024"]
[SourceDate "2024.01.17"]
[SourceVersion "1"]
[SourceVersionDate "2024.01.17"]
[SourceQuality "1"]

1. Nc3 d5 2. Nf3 Nf6 3. d3 Bg4 4. Ne5 Bh5 5. h3 Nbd7 6. Bf4 d4 7. Ne4 Nd5 8. Bh2 e6 9. a3 f6 10. Nxd7 Qxd7 11. g4 Bg6 12. Bg2 h5 13. c4 Nb6 14. Bf3 hxg4 15. hxg4 f5 16. Ng3 c6 17. Qd2 Bd6 18. 0-0-0 0-0-0 19. Qa5 Kb8 20. Kb1 Bc7 21. Qd2 Na4 22. Ka1 a5 23. Qg5 Qf7 24. gxf5 exf5 25. Nf1 f4 26. Nd2 Rh6 27. Rdg1 Rdh8 28. Rg2 Qf5 29. Nb3 Qxg5 30. Rxg5 Bf7 31. Rxg7 Be6 32. Rxc7 Rxh2 33. Rxh2 Rxh2 34. Re7 Bc8 35. Nxd4 Rxf2 36. Nb3 Rf1+ 37. Ka2 Nb6 38. Nxa5 Nd7 39. b4 Kc7 40. Nb3 Kd6 41. Re8 Kc7 42. Nd4 Nf6 43. Rf8 Ng4 44. Rxc8+ Kxc8 45. Bxg4+ Kc7 46. Bf3 Kd6 47. c5+ Ke5 48. Nb3 Rg1 49. Na5 Rg7 50. Kb3 Kd4 51. Nc4 Re7 52. Nd6 Ke5 53. Kc4 Rh7 54. a4 Rg7 55. d4+ Ke6 56. d5+ Ke5 57. dxc6 bxc6 58. Bxc6 Rg1 59. Bf3 Rc1+ 60. Kb5 Kd4 61. c6 1-0

[Event "EU-ch Rapid (Women)"]
[Site "Monaco"]
[Date "2024.01.13"]
[Round "5"]
[White "Papp, Petra"]
[Black "De Seroux, Camille"]
[Result "1-0"]
[WhiteElo "2267"]
[BlackElo "2075"]
[PlyCount "153"]
[EventDate "2024.01.13"]
[EventType "swiss (rapid)"]
[EventRounds "11"]
[EventCountry "MNC"]
[SourceTitle "CB03_2024"]
[SourceDate "2024.01.17"]
[SourceVersion "1"]
[SourceVersionDate "2024.01.17"]
[SourceQuality "1"]

1. e4 Nc6 2. d4 d5 3. Nc3 dxe4 4. d5 Nb8 5. Nxe4 e6 6. Bb5+ c6 7. dxc6 Qxd1+ 8. Kxd1 Nxc6 9. Bf4 Bd7 10. Nf3 e5 11. Be3 0-0-0 12. Ke2 a6 13. Bc4 f6 14. Bb6 Re8 15. Rhd1 Nh6 16. c3 Be6 17. Bb3 Nf7 18. Rd2 h6 19. Rad1 f5 20. Ng3 e4 21. Nd4 Bxb3 22. axb3 g6 23. Nxc6 bxc6 24. Rd7 Ne5 25. Ra7 Bg7 26. Rxg7 Nd3 27. Kf1 Re6 28. Ne2 c5 29. Ba5 f4 30. Nc1 Rhe8 31. b4 Nxb2 32. Rdd7 e3 33. Rc7+ Kb8 34. Rb7+ Ka8 35. Ra7+ Kb8 36. Rgb7+ Kc8 37. fxe3 Rxe3 38. Rf7 Re1+ 39. Kf2 Kb8 40. Rab7+ Ka8 41. Bb6 Nd1+ 42. Kf3 Rf1+ 43. Kg4 Ne3+ 44. Kh3 Rxc1 45. Ra7+ Kb8 46. Bxc5 Nf5 47. Rfb7+ Kc8 48. Rc7+ Kb8 49. Rcb7+ Kc8 50. Rf7 Kb8 51. Rxa6 h5 52. Rb6+ Kc8 53. Rc6+ Kb8 54. Rb6+ Kc8 55. Ra6 Rxc3+ 56. g3 Kb8 57. Rxg6 fxg3 58. Rxf5 gxh2+ 59. Kxh2 Re2+ 60. Rg2 Rxg2+ 61. Kxg2 h4 62. Rh5 Rc4 63. Kh3 Kb7 64. Rxh4 Rc3+ 65. Kg4 Kc6 66. Kf5 Kb5 67. Ke5 Rd3 68. Rh8 Rd1 69. Rb8+ Kc4 70. Ke6 Rd3 71. Bd6 Re3+ 72. Kd7 Kd5 73. Rc8 Rh3 74. Rc5+ Kd4 75. Kc6 Rh7 76. b5 Rh6 77. b6 1-0

[Event "EU-ch Blitz (Women)"]
[Site "Monaco"]
[Date "2024.01.12"]
[Round "4"]
[White "Hrebenshchykova, Yelyzaveta"]
[Black "De Seroux, Camille"]
[Result "1/2-1/2"]
[WhiteElo "2275"]
[BlackElo "2075"]
[PlyCount "76"]
[EventDate "2024.01.12"]
[EventType "swiss (blitz)"]
[EventRounds "13"]
[EventCountry "MNC"]
[SourceTitle "CB03_2024"]
[SourceDate "2024.01.17"]
[SourceVersion "1"]
[SourceVersionDate "2024.01.17"]
[SourceQuality "1"]

1. e4 Nc6 2. Nf3 d6 3. d4 Nf6 4. Nc3 g6 5. h3 Bg7 6. Be3 0-0 7. Be2 e5 8. 0-0 exd4 9. Nxd4 Re8 10. Nxc6 bxc6 11. Bf3 Rb8 12. Rb1 Nd7 13. Bxa7 Ra8 14. Bd4 Ne5 15. Be2 c5 16. Be3 Be6 17. a4 Nc4 18. Bxc4 Bxc4 19. Re1 Bxc3 20. bxc3 Rxe4 21. Qf3 f5 22. Bd2 Bd5 23. Qd3 Bc6 24. f3 Rexa4 25. c4 Qh4 26. Bc3 Qxc4 27. Re7 Qxd3 28. cxd3 Ra3 29. Rc1 Rb3 30. Rg7+ Kf8 31. Rxc7 Bd5 32. Rxh7 Raa3 33. Bf6 Rxd3 34. Rb1 Rab3 35. Ra1 Ra3 36. Rb1 Rab3 37. Ra1 Ra3 38. Rb1 Rab3 1/2-1/2

[Event "Bodensee-Cup"]
[Site "Ueberlingen/Nussdorf"]
[Date "2021.10.15"]
[Round "1.8"]
[White "De Seroux, Camille"]
[Black "Deuer, Marius"]
[Result "0-1"]
[WhiteElo "2137"]
[BlackElo "2226"]
[PlyCount "40"]
[EventDate "2021.10.15"]
[EventType "team-tourn"]
[EventRounds "3"]
[EventCountry "GER"]
[SourceTitle "EXT 2023"]
[Source "ChessBase"]
[SourceDate "2022.10.05"]
[SourceVersion "1"]
[SourceVersionDate "2022.10.05"]
[SourceQuality "1"]
[WhiteTeam "Switzerland"]
[BlackTeam "Wuerttemberg"]
[WhiteTeamCountry "SUI"]
[BlackTeamCountry "GER"]

1. e4 c6 2. d4 d5 3. exd5 cxd5 4. Bf4 Nc6 5. c3 f6 6. Bd3 e5 7. Qh5+ g6 8. Bxg6+ hxg6 9. Qxh8 exf4 10. Qxg8 Bf5 11. Qh7 Qb6 12. Nf3 Qa6 13. Nh4 0-0-0 14. Nxf5 Re8+ 15. Kd1 Qd3+ 16. Nd2 Re2 17. Nd6+ Kd8 18. Nxb7+ Ke8 19. Nd6+ Bxd6 20. Qh8+ Bf8 0-1

[Event "EU-Cup Online Gr-C (Women)"]
[Site "Tornelo INT"]
[Date "2020.12.20"]
[Round "5.4"]
[White "Thorsteinsdottir, Hallgerdur"]
[Black "De Seroux, Camille"]
[Result "1/2-1/2"]
[WhiteElo "2009"]
[BlackElo "2137"]
[PlyCount "121"]
[EventDate "2020.12.19"]
[EventType "team-tourn (rapid)"]
[EventRounds "7"]
[EventCountry "ISS"]
[SourceTitle "CBM 199 Extra"]
[Source "ChessBase"]
[SourceDate "2021.01.31"]
[SourceVersion "1"]
[SourceVersionDate "2021.01.31"]
[SourceQuality "1"]
[WhiteTeam "Huginn (W)"]
[BlackTeam "Gonzen (W)"]
[WhiteTeamCountry "ISL"]
[BlackTeamCountry "SUI"]

1. e4 c5 2. Nf3 d6 3. Bb5+ Nd7 4. d4 cxd4 5. Qxd4 a6 6. Bc4 Ngf6 7. 0-0 e6 8. Bg5 Be7 9. Nc3 0-0 10. e5 dxe5 11. Nxe5 Nxe5 12. Qxe5 Nd7 13. Bxe7 Nxe5 14. Bxd8 Nxc4 15. Bc7 Nxb2 16. Rab1 Nc4 17. Rb4 b5 18. a4 Bd7 19. axb5 axb5 20. Rd1 Bc6 21. Nxb5 Bxb5 22. Rxb5 Rfc8 23. Bg3 Na3 24. Rb7 Nxc2 25. h3 Ra1 26. Rxa1 Nxa1 27. Be5 Nc2 28. Rb8 Rxb8 29. Bxb8 f6 30. Ba7 e5 31. Kf1 Kf7 32. Ke2 Ke6 33. Bc5 Kd5 34. Bf8 g6 35. Kf3 f5 36. g4 f4 37. h4 Nd4+ 38. Kg2 e4 39. Ba3 h5 40. gxh5 gxh5 41. Bc1 Ne2 42. Bd2 Kc4 43. Ba5 Kd3 44. Bb6 Nd4 45. Bd8 e3 46. fxe3 fxe3 47. Ba5 Ke2 48. Kg3 Nf5+ 49. Kf4 Nxh4 50. Kg5 Nf3+ 51. Kxh5 Kd1 52. Kg4 Nd2 53. Bb6 e2 54. Bf2 Ne4 55. Bh4 Kd2 56. Kf3 Ng5+ 57. Bxg5+ Kd1 58. Bh4 Kd2 59. Bg3 Kd1 60. Bh4 e1Q 61. Bxe1 1/2-1/2

[Event "EU-Cup Online Gr-C (Women)"]
[Site "Tornelo INT"]
[Date "2020.12.19"]
[Round "2.2"]
[White "Toma, Katarzyna"]
[Black "De Seroux, Camille"]
[Result "1-0"]
[WhiteElo "2289"]
[BlackElo "2137"]
[PlyCount "95"]
[EventDate "2020.12.19"]
[EventType "team-tourn (rapid)"]
[EventRounds "7"]
[EventCountry "ISS"]
[SourceTitle "CBM 199 Extra"]
[Source "ChessBase"]
[SourceDate "2021.01.31"]
[SourceVersion "1"]
[SourceVersionDate "2021.01.31"]
[SourceQuality "1"]
[WhiteTeam "Wood Green England (W)"]
[BlackTeam "Gonzen (W)"]
[WhiteTeamCountry "ENG"]
[BlackTeamCountry "SUI"]

1. e4 c5 2. Nf3 d6 3. d4 cxd4 4. Qxd4 Nc6 5. Bb5 Bd7 6. Qd3 Nf6 7. c4 a6 8. Bxc6 Bxc6 9. Nc3 g6 10. 0-0 Bg7 11. Nd4 0-0 12. h3 Nd7 13. Be3 Rc8 14. Rac1 Nc5 15. Qb1 Ne6 16. Nxe6 fxe6 17. Rfd1 Qe8 18. b4 b5 19. c5 Be5 20. Ne2 g5 21. Nd4 Qf7 22. cxd6 Bxd4 23. Rxd4 exd6 24. Rxd6 Bb7 25. Rcd1 Qg6 26. f3 Bc6 27. Qb3 Rfe8 28. Bd4 h5 29. Bb2 g4 30. hxg4 hxg4 31. Kf2 g3+ 32. Ke3 Bxe4 33. fxe4 Qg5+ 34. Ke2 Qg4+ 35. Qf3 Rc2+ 36. R1d2 Rxd2+ 37. Rxd2 Qg6 38. Rd7 Rf8 39. Rg7+ Qxg7 40. Bxg7 Rxf3 41. Kxf3 Kxg7 42. Kxg3 Kf6 43. Kf4 e5+ 44. Kg4 Kg6 45. g3 Kf6 46. Kh5 Kg7 47. Kg5 Kf7 48. Kf5 1-0

[Event "Trophee Roza Lallemand Online"]
[Site "Tornelo INT"]
[Date "2020.12.13"]
[Round "9"]
[White "De Seroux, Camille"]
[Black "Afraoui, Solenn"]
[Result "0-1"]
[WhiteElo "2137"]
[BlackElo "1889"]
[PlyCount "158"]
[EventDate "2020.12.13"]
[EventType "swiss (rapid)"]
[EventRounds "9"]
[EventCountry "USA"]
[SourceTitle "EXT 2022"]
[Source "ChessBase"]
[SourceDate "2021.10.06"]
[SourceVersion "1"]
[SourceVersionDate "2021.10.06"]
[SourceQuality "1"]

1. e4 c5 2. Nc3 Nc6 3. Bb5 Nd4 4. Bc4 e6 5. Nf3 a6 6. d3 d6 7. Nxd4 cxd4 8. Ne2 b5 9. Bb3 e5 10. 0-0 Nf6 11. f4 Be7 12. Qe1 0-0 13. Ng3 Be6 14. fxe5 dxe5 15. Nf5 Bxb3 16. cxb3 Ne8 17. Qg3 f6 18. Bd2 Kh8 19. Rac1 Rf7 20. Qg4 Nd6 21. Rf3 Nxf5 22. Qxf5 Bf8 23. Rh3 h6 24. Qg6 Qd7 25. Rf1 Rc8 26. Rc1 Rxc1+ 27. Bxc1 Qc7 28. Bd2 Re7 29. Rg3 Rd7 30. Bxh6 Re7 31. Bd2 Qd7 32. Qh5+ Kg8 33. Rh3 Qc7 34. Qh8+ Kf7 35. Qh5+ Ke6 36. Rf3 Kd7 37. Qf5+ Kc6 38. Bb4 Re8 39. Bxf8 Rxf8 40. Rf1 Kb7 41. Qe6 Rc8 42. h3 Qc2 43. Qd5+ Ka7 44. Qd7+ Rc7 45. Qd6 Qc6 46. Qf8 Qc2 47. Qd8 Rc8 48. Qd6 Qc6 49. Qb4 Rc7 50. Kh2 Qc5 51. Qa5 Qc6 52. Rf3 Qc2 53. Rg3 g5 54. Rf3 Qc6 55. Rxf6 Qxf6 56. Qxc7+ Ka8 57. Qc8+ Ka7 58. Qc5+ Kb7 59. Qd5+ Kc7 60. Kg1 Qf4 61. Qc5+ Kb7 62. Qc2 Qe3+ 63. Kh1 Qe1+ 64. Kh2 Qe3 65. Qd1 Qf4+ 66. Kh1 Qf2 67. Qf3 Qxb2 68. Qf7+ Kb8 69. Qg8+ Kb7 70. Qxg5 Qxa2 71. Qxe5 Qxb3 72. Qxd4 Qd1+ 73. Kh2 a5 74. e5 a4 75. Qd5+ Kb6 76. e6 Qe2 77. Qe4 Qxe4 78. dxe4 Kc6 79. Kg3 a3 0-1

[Event "Online Olym Div2 C"]
[Site "Chess.com INT"]
[Date "2020.08.15"]
[Round "5.4"]
[White "De Seroux, Camille"]
[Black "Bejatovic, Bojana"]
[Result "1-0"]
[WhiteElo "2137"]
[BlackElo "2031"]
[PlyCount "77"]
[EventDate "2020.08.14"]
[EventType "team-tourn (rapid)"]
[EventRounds "9"]
[EventCountry "USA"]
[SourceTitle "CBM 198"]
[Source "ChessBase"]
[SourceDate "2020.10.31"]
[SourceVersion "1"]
[SourceVersionDate "2020.10.31"]
[SourceQuality "1"]
[WhiteTeam "Switzerland"]
[BlackTeam "Macedonia"]
[WhiteTeamCountry "SUI"]
[BlackTeamCountry "MKD"]

1. e4 c5 2. Nc3 Nc6 3. Bb5 Nd4 4. Bc4 e6 5. Nf3 Ne7 6. 0-0 Nec6 7. d3 Be7 8. Nxd4 Nxd4 9. f4 a6 10. a4 d6 11. Be3 0-0 12. Ba2 b5 13. axb5 axb5 14. f5 Bd7 15. Bxd4 cxd4 16. Ne2 Bg5 17. Kh1 Be3 18. Ng3 Qg5 19. Qf3 g6 20. f6 h5 21. Ne2 e5 22. h3 Rac8 23. c3 Kh7 24. Bb3 Rc7 25. Ra5 Bc8 26. Rfa1 Qh6 27. Rxb5 g5 28. cxd4 g4 29. Qf1 exd4 30. Ng3 Rc5 31. Rxc5 dxc5 32. Ra7 Qg6 33. h4 Kg8 34. Nf5 Bxf5 35. Qxf5 Qh6 36. Qxc5 Qf4 37. Qf5 Qg3 38. Qg6+ Kh8 39. Qg7# 1-0

[Event "Online Olym Div2 C"]
[Site "Chess.com INT"]
[Date "2020.08.15"]
[Round "4.4"]
[White "Gjergji, Rozana"]
[Black "De Seroux, Camille"]
[Result "1/2-1/2"]
[WhiteElo "1942"]
[BlackElo "2137"]
[PlyCount "102"]
[EventDate "2020.08.14"]
[EventType "team-tourn (rapid)"]
[EventRounds "9"]
[EventCountry "USA"]
[SourceTitle "CBM 198"]
[Source "ChessBase"]
[SourceDate "2020.10.31"]
[SourceVersion "1"]
[SourceVersionDate "2020.10.31"]
[SourceQuality "1"]
[WhiteTeam "Albania"]
[BlackTeam "Switzerland"]
[WhiteTeamCountry "ALB"]
[BlackTeamCountry "SUI"]

1. e4 c5 2. f4 Nc6 3. Nf3 g6 4. d3 Bg7 5. Be2 e6 6. c3 Nge7 7. Na3 d6 8. Nc2 0-0 9. 0-0 Rb8 10. Be3 b5 11. d4 cxd4 12. Ncxd4 a6 13. Rc1 Bb7 14. Qc2 d5 15. e5 Rc8 16. Kh1 Nf5 17. Nxf5 gxf5 18. Nd4 b4 19. Qa4 bxc3 20. Rxc3 Nxd4 21. Bxd4 Rxc3 22. bxc3 Qc7 23. Rb1 Bh6 24. g3 Rc8 25. Rb6 Bf8 26. Qb3 Ba8 27. Bxa6 Rd8 28. Bb7 Bc5 29. Bxa8 Bxd4 30. Rc6 Qa7 31. Bb7 Rb8 32. Rc8+ Rxc8 33. Bxc8 Bf2 34. Kg2 Be1 35. Qc2 Qe3 36. Kf1 Bxc3 37. Qe2 Qc1+ 38. Kg2 d4 39. Ba6 Qa3 40. Bc4 Qa8+ 41. Qf3 Qa4 42. Bb3 Qa6 43. Kh3 d3 44. a4 Bb4 45. Qh5 d2 46. Qg5+ Kh8 47. Qf6+ Kg8 48. Qd8+ Kg7 49. Qf6+ Kg8 50. Qd8+ Kg7 51. Qf6+ Kg8 1/2-1/2

[Event "Speed Chess (Women) Q5"]
[Site "Chess.com INT"]
[Date "2020.06.22"]
[Round "3"]
[White "De Seroux, Camille"]
[Black "Golubeva, Oksana"]
[Result "0-1"]
[WhiteElo "2137"]
[BlackElo "2179"]
[PlyCount "36"]
[EventDate "2020.06.22"]
[EventType "swiss (blitz)"]
[EventRounds "13"]
[EventCountry "USA"]
[SourceTitle "CBM 196 Extra"]
[Source "ChessBase"]
[SourceDate "2020.07.31"]
[SourceVersion "1"]
[SourceVersionDate "2020.07.31"]
[SourceQuality "1"]

1. e4 e6 2. d4 d5 3. Nd2 Nf6 4. e5 Nfd7 5. c3 c5 6. Bd3 cxd4 7. cxd4 Nc6 8. Ne2 f6 9. exf6 Qxf6 10. Nf3 h6 11. 0-0 Bd6 12. Ng3 0-0 13. a3 Rd8 14. Bc2 Nf8 15. Qd3 Bd7 16. Re1 Be8 17. Qb5 Nxd4 18. Nxd4 Bxb5 0-1

[Event "Speed Chess (Women) Q5"]
[Site "Chess.com INT"]
[Date "2020.06.22"]
[Round "9"]
[White "De Seroux, Camille"]
[Black "Mohota, Nisha"]
[Result "1-0"]
[WhiteElo "2137"]
[BlackElo "2195"]
[PlyCount "95"]
[EventDate "2020.06.22"]
[EventType "swiss (blitz)"]
[EventRounds "13"]
[EventCountry "USA"]
[SourceTitle "CBM 196 Extra"]
[Source "ChessBase"]
[SourceDate "2020.07.31"]
[SourceVersion "1"]
[SourceVersionDate "2020.07.31"]
[SourceQuality "1"]

1. e4 Nf6 2. e5 Nd5 3. c4 Nb6 4. d4 d6 5. exd6 cxd6 6. Nc3 g6 7. Be3 Bg7 8. Rc1 0-0 9. b3 Bf5 10. Nf3 d5 11. c5 Nc8 12. Be2 Nc6 13. 0-0 e6 14. a3 Bg4 15. b4 a6 16. h3 Bxf3 17. Bxf3 N8e7 18. Na4 Nf5 19. Nb6 Rb8 20. Bf4 Bxd4 21. Bxb8 Nxb8 22. g4 Qg5 23. Bg2 Ng3 24. Rc2 Nc6 25. Qd2 Qxd2 26. Rxd2 Nxf1 27. Kxf1 Bc3 28. Rc2 Bf6 29. Nd7 Kg7 30. Nxf8 Kxf8 31. f4 Bd4 32. f5 Ke7 33. Re2 Bc3 34. Bxd5 Nd4 35. Re4 gxf5 36. gxf5 Nxf5 37. Kg2 a5 38. Bxb7 axb4 39. axb4 Kd7 40. c6+ Kc7 41. b5 Kb6 42. Ba6 Kc7 43. Kf3 Bf6 44. Re1 Nd4+ 45. Ke4 Bg7 46. Rb1 f5+ 47. Kd3 e5 48. Bb7 1-0

[Event "Speed Chess (Women) Q5"]
[Site "Chess.com INT"]
[Date "2020.06.22"]
[Round "1"]
[White "Peycheva, Gergana"]
[Black "De Seroux, Camille"]
[Result "1-0"]
[WhiteElo "2255"]
[BlackElo "2137"]
[PlyCount "133"]
[EventDate "2020.06.22"]
[EventType "swiss (blitz)"]
[EventRounds "13"]
[EventCountry "USA"]
[SourceTitle "CBM 196 Extra"]
[Source "ChessBase"]
[SourceDate "2020.07.31"]
[SourceVersion "1"]
[SourceVersionDate "2020.07.31"]
[SourceQuality "1"]

1. d4 Nf6 2. c4 c5 3. d5 b5 4. cxb5 a6 5. b6 e6 6. e4 Nxe4 7. Bc4 Qxb6 8. Qd3 Nf6 9. Nc3 Bb7 10. Nge2 Be7 11. 0-0 0-0 12. b3 e5 13. Ng3 d6 14. Nf5 Re8 15. Qg3 g6 16. Nxe7+ Rxe7 17. Bg5 Nbd7 18. Qh4 Ree8 19. Bxf6 Nxf6 20. Qxf6 Rad8 21. Ne4 Qc7 22. Qh4 Qe7 23. Qxe7 Rxe7 24. Rad1 f5 25. Ng5 e4 26. Ne6 Rde8 27. Rfe1 Kf7 28. f3 exf3 29. gxf3 Kf6 30. Kf2 Bc8 31. Re2 g5 32. Rde1 h5 33. Rg1 g4 34. fxg4 hxg4 35. h3 gxh3 36. Rh1 Rh7 37. Re3 Reh8 38. Rh2 Rh4 39. Rf3 Bb7 40. Nf4 Rg4 41. Rhxh3 Rxh3 42. Nxh3 Ke5 43. Re3+ Re4 44. Ng5 Rxe3 45. Kxe3 Bxd5 46. Bxa6 Bg8 47. Nf3+ Kf6 48. Kf4 d5 49. Bd3 Be6 50. a4 c4 51. bxc4 dxc4 52. Bc2 Bd7 53. a5 Bb5 54. Nd4 Ba6 55. Nxf5 c3 56. Ke4 Ke6 57. Nd4+ Kd6 58. Nb3 Kc6 59. Kd4 Bb5 60. Kxc3 Kb7 61. Kb4 Ka6 62. Nc5+ Ka7 63. Kxb5 Ka8 64. Be4+ Ka7 65. a6 Kb8 66. Kb6 Kc8 67. a7 1-0

[Event "Speed Chess (Women) Q5"]
[Site "Chess.com INT"]
[Date "2020.06.22"]
[Round "7"]
[White "Sharmin, Samiha Shimmi"]
[Black "De Seroux, Camille"]
[Result "1-0"]
[WhiteElo "1812"]
[BlackElo "2137"]
[PlyCount "165"]
[EventDate "2020.06.22"]
[EventType "swiss (blitz)"]
[EventRounds "13"]
[EventCountry "USA"]
[SourceTitle "CBM 196 Extra"]
[Source "ChessBase"]
[SourceDate "2020.07.31"]
[SourceVersion "1"]
[SourceVersionDate "2020.07.31"]
[SourceQuality "1"]

1. e4 c5 2. Nf3 d6 3. d4 cxd4 4. Nxd4 Nf6 5. Nc3 Nc6 6. Bc4 e6 7. Be3 Be7 8. 0-0 0-0 9. f4 Bd7 10. Bb3 Nxd4 11. Bxd4 Bc6 12. e5 dxe5 13. fxe5 Nd7 14. Qg4 Nc5 15. Rad1 Qc7 16. Ne2 Rad8 17. c3 Nxb3 18. axb3 Bb5 19. c4 Bc6 20. Ng3 b6 21. Kh1 Bb7 22. Nh5 g6 23. Nf6+ Bxf6 24. exf6 Qc6 25. Qh3 Qe4 26. Bc3 Rxd1 27. Rxd1 Qe2 28. Rg1 Rd8 29. Qg3 Rd1 30. h4 Rxg1+ 31. Kxg1 Qd1+ 32. Kh2 Qd8 33. h5 Be4 34. h6 Bc6 35. Qe5 Bb7 36. Qb5 a6 37. Qe5 Bc6 38. Qe3 b5 39. c5 Qd5 40. Qe2 Qg5 41. Bd2 Qxf6 42. Qd3 Qh4+ 43. Kg1 Qe7 44. Bc3 Qxc5+ 45. Kh1 Qe7 46. Bg7 Bd5 47. Qc3 Qd7 48. Qe3 Bc6 49. Qc3 Qd5 50. Qc2 e5 51. Qe2 e4 52. Qc2 e3 53. Qe2 Qxg2+ 54. Qxg2 e2 55. Bc3 e1Q+ 56. Bxe1 Bxg2+ 57. Kxg2 f5 58. Kf3 Kf7 59. Kf4 Ke6 60. Kg5 Kd5 61. Bc3 Ke4 62. Be1 Kd3 63. Kf6 Kc2 64. Kg7 Kxb3 65. Kxh7 a5 66. Kxg6 f4 67. h7 f3 68. h8Q a4 69. Qc3+ Ka2 70. Qa3+ Kb1 71. Bd2 b4 72. Qxb4 a3 73. bxa3+ Kc2 74. Qc3+ Kd1 75. Qc1+ Ke2 76. Qe1+ Kd3 77. Qe3+ Kc2 78. Be1 Kd1 79. Bf2 Kc2 80. Qxf3 Kb2 81. a4 Kb1 82. a5 Kb2 83. a6 1-0

[Event "Speed Chess (Women) Q2"]
[Site "Chess.com INT"]
[Date "2020.06.19"]
[Round "8"]
[White "De Seroux, Camille"]
[Black "Bouah, Denise"]
[Result "1-0"]
[WhiteElo "2137"]
[BlackElo "1770"]
[PlyCount "37"]
[EventDate "2020.06.19"]
[EventType "swiss (blitz)"]
[EventRounds "13"]
[EventCountry "USA"]
[SourceTitle "CBM 196 Extra"]
[Source "ChessBase"]
[SourceDate "2020.07.31"]
[SourceVersion "1"]
[SourceVersionDate "2020.07.31"]
[SourceQuality "1"]

1. e4 c5 2. Nc3 Nc6 3. Bb5 a6 4. Bxc6 bxc6 5. d3 g6 6. f4 Bg7 7. Nf3 d5 8. 0-0 Nf6 9. Qe1 0-0 10. Qh4 dxe4 11. dxe4 c4 12. f5 Qb6+ 13. Kh1 e6 14. e5 Nd5 15. f6 Bh8 16. Qh6 Bxf6 17. exf6 Nxf6 18. Ng5 Rd8 19. Rxf6 1-0